| 000 | 00401nam a2200157Ia 4500 | ||
|---|---|---|---|
| 008 | 151213s9999 xx 000 0 und d | ||
| 100 | _aJohn Drakakis | ||
| 245 |
_aAlternative Shakespeare _cJohn Drakakis |
||
| 250 | _a2nd | ||
| 260 |
_aLondon _bRauttedge _c2002 |
||
| 300 | _a3572 p. | ||
| 650 | _aEnglish Literature | ||
| 650 | _aEnglish Literature | ||
| 700 | _aJohn Drakakis | ||
| 999 |
_c2375 _d2375 |
||